000 00738nam a22002057a 4500
999 _c12094
_d12094
003 AR-CdUCM
008 190405b ||||| |||| 00| 0 spa d
040 _aMUNICIPALIDAD PROVINCIAL DEL CUSCO
_cBIBLIOTECA MUNICIPAL DEL CUSCO
082 _aEP / 372.985 /
_bV66
100 _aVillanueva Sotomayor, Julio
_928019
245 _aCiencias Histórico Sociales :
_b5to grado de educación primaria /
260 _aLima :
_bBruño.
300 _a159 páginas ;
_bIlustraciones
_c28cm
505 _aContenido: Historia -- Geografía -- Educación cívica y moral
650 _aCiencias sociales
_91096
650 _aEducación primaria
_91561
700 _aSandoval Valdivia, Elba
_928021
942 _2ddc
_cLIBROS
945 _anom
_d2019-04-05